00486nam a22001337a 4500008004100000082001100041100002200052245004100074260005900115300000800174942000800182999001500190952014700205260507b |||||||| |||| 00| 0 eng d a001765 a K. Krishnamurthy aSamskruta Sahityadalli Shrungararasa aMysurubDr. K. Krishnamurthy Research Foundationc2011 a67p 2ddc c1452d1452 00102ddc406001765_0000000000000007091804aKSUbKSUcGENd2026-05-07eVidyut Prakashani910l0o001765p001765r2026-05-07w2026-05-07yBK